000 00603nam a2200181 a 4500
001 000040927
005 20201002034501.0
008 130911s1998 pr a 000 0 spa d
020 _a1881713768
040 _aDO-SdBNP
_bspa
_cBNPHU
082 _axxxx
_bxxxx
245 0 0 _aThe American presence in Puerto Rico. /
_ceditores Lynn-Darrell Bender, Andrés Polamares.
260 _aPuerto Rico, :
_bPublicaciones puertorriqueñas,
_c1998.
300 _a354 p. :
_bil. ;
_c23 cm.
590 _aInventariado, 2019/BT
700 1 _aBender, Lynn-Darrell,
_eed.
_950109
700 1 _aPolamares, Andrés,
_eed.
_967353
999 _c40417
_d40417